| 000 | 02200 am a2200517 a 4500 | ||
|---|---|---|---|
| 005 | 20240524082330.0 | ||
| 008 | 100310s1992||||mx A f |||| 001 0 spa d | ||
| 020 | _a968860416X | ||
| 041 | _aspa | ||
| 092 |
_c362.1 _l46 _sKRO |
||
| 100 | 1 |
_aKroeger, Axel. _eComp. _9564 |
|
| 245 |
_aAtención primaria de salud. _bPrincipios y métodos / _cAxel Kroeger |
||
| 250 | _a2a ed. | ||
| 260 |
_aMéxico: _bOPS ; Editorial Pax México; _c1992. |
||
| 300 | _a639 p. | ||
| 500 | _aKroeger, A. y Luna, R. (Comps.). (1992). Atención primaria de salud. Principios y métodos. (2a ed.). México : OPS ; Editorial Pax México. | ||
| 590 | _aCompra ESMED 2009 | ||
| 653 | _aAspectos programáticos de la atención primaria de salud a nivel nacional e internacional | ||
| 653 | _aContexto socio-cultural | ||
| 653 | _aAdministración de un programa de salud | ||
| 653 | _aTrabajador básico de salud (TBS) | ||
| 653 | _aInvestigación a nivel local | ||
| 653 | _aEducación para la salud | ||
| 653 | _aAtención del niño | ||
| 653 | _aInmunización | ||
| 653 | _aAlimentación | ||
| 653 | _aControl prenatal y atención del niño | ||
| 653 | _aTrabajo con las parteras empíricas (comadronas) | ||
| 653 | _aEducación sexual y planificación familiar | ||
| 653 | _aSaneamiento ambiental | ||
| 653 | _aControl de la tuberculosis | ||
| 653 | _aEnfermedades tropicales (malaria, chagas, leishmaniasis) | ||
| 653 | _aSalud mental: el papel del médico y la enfermera | ||
| 653 | _aSalud oral | ||
| 653 | _aSalud y enfermedades de la piel | ||
| 653 | _aCirugía en pequeñas unidades de salud | ||
| 653 | _aManejo de medicamentos | ||
| 653 | _aPlantas medicinales y su uso | ||
| 653 | _aTécnicas simples de laboratorio | ||
| 653 | _aAnexos: 1- Revistas que son relevantes para la APS. 2- Manuales y material didáctico para el personal auxiliar. 3- Grupos e instituciones en Latinoamerica que trabajan en programas de atención primaria de salud, en tecnología apropiada o áreas similares. 4- Oficinas de la Organización Panamericana de la Salud. | ||
| 700 | 1 |
_aLuna, Ronaldo. _9565 _eComp. |
|
| 930 | _a2074 | ||
| 930 | _a2075 | ||
| 930 | _a2076 | ||
| 942 |
_2ddc _cBK |
||
| 999 |
_c72 _d72 |
||